| 000 | 01754cam a22004454i 4500 | ||
|---|---|---|---|
| 003 | PE-LiUPU | ||
| 005 | 20260217103156.0 | ||
| 008 | 150706s2000 tnua r 000 0 spa d | ||
| 020 | _a1586403613 | ||
| 020 | _a9781586403614 | ||
| 035 | _a(Sirsi) i9781586403614 | ||
| 040 |
_aPE-LiUPU _bspa _cPE-LiUPU _erda |
||
| 049 | _aPRUA | ||
| 082 | 0 | 4 |
_a220.5 _bA49 _221 |
| 130 |
_aBiblia. _lEspàñol. _sBiblia de las Américas 2000 |
||
| 245 | 1 | 0 |
_aBiblia de estudio LBLA : _b[La biblia de las Américas] / _cB&H Publishing Group. |
| 264 | 1 |
_aTennessee : _bB and H publishing, _c2000. |
|
| 300 |
_axiv, 2032 páginas : _bilustraciones ; _c24 centímetros |
||
| 336 |
_atext _2rdacontent |
||
| 337 |
_aunmediated _2rdamedia |
||
| 338 |
_avolume _2rdacarrier |
||
| 505 | 0 | _aEl libro -- Las lenguas de la Biblia -- Las escrituras de la Biblia -- Trasmisión escrita y trasmisión oral -- Los escribas -- La filología alejandrina y la Biblia -- El libro Sagrado -- El canon -- El canon bíblico -- Historia literaria del canon -- Historia social del canon -- El canon del Nuevo Testamento -- El texto -- El texto hebreo del antiguo Testamento -- La versión griega del LXX -- La interpretación La Biblia interprete de sí misma -- Historia de la Hermenéutica Cristiana. | |
| 526 | _aSEG42 | ||
| 526 | _aSEG41 | ||
| 526 | _aSEG40 | ||
| 526 | _aSEG39 | ||
| 526 | _aP94 | ||
| 526 | _aP87 | ||
| 526 | _aP86 | ||
| 526 | _aP85 | ||
| 526 | _aP77 | ||
| 526 | _aP76 | ||
| 526 | _aP35 | ||
| 630 |
_aBiblia. _lEspàñol. _sBiblia de las Américas 2000 |
||
| 910 | _agl | ||
| 910 | _adbm | ||
| 942 |
_2ddc _cBOOK |
||
| 980 |
_818226 _gJaime Vilcazán Jefe de Análisis Documental |
||
| 999 |
_c49836 _d49836 |
||